| 000 | 00561nam a2200193 a 4500 | ||
|---|---|---|---|
| 005 | 20230913063557.0 | ||
| 008 | 030211m19941999mx r 000 0 spa d | ||
| 020 | _a8478809368 | ||
| 035 | _aUPN01000121854 | ||
| 049 | _aCG | ||
| 050 | 4 |
_aBF637 H8.5 _bR7.2 |
|
| 100 | 1 |
_aRojas Montes, Enrique, _d1949- |
|
| 245 | 1 | 3 |
_aLa conquista de la voluntad : _bcomo conseguir lo que te has propuesto / _cEnrique Rojas. |
| 260 |
_aMadrid : _bTemas de Hoy, _c1994 (1999 impr.). |
||
| 300 | _a247 p. | ||
| 440 | 0 | _aVivir mejor | |
| 650 | 4 |
_aVoluntad _98771 |
|
| 905 | _aLibro | ||
| 999 |
_c94067 _d94067 |
||